METHODS IN SOIL PHYSICS (Record no. 296382)

MARC details
000 -LEADER
fixed length control field 005210000a22001930004500
082 ## - DEWEY DECIMAL CLASSIFICATION NUMBER
Classification number 631.43 JAL/ME
100 ## - MAIN ENTRY--PERSONAL NAME
Personal name JALOTA, S K
Date of a work Author
100 ## - MAIN ENTRY--PERSONAL NAME
Personal name KHERA, RAMESH
Date of a work Author
245 ## - TITLE STATEMENT
Title METHODS IN SOIL PHYSICS
260 ## - PUBLICATION, DISTRIBUTION, ETC. (IMPRINT)
Place of publication, distribution, etc. NEW DELHI, NAROSA PUBLISHING HOUSE
260 ## - PUBLICATION, DISTRIBUTION, ETC. (IMPRINT)
Date of publication, distribution, etc. 1998
300 ## - PHYSICAL DESCRIPTION
Extent pages 153
650 ## - SUBJECT ADDED ENTRY--TOPICAL TERM
Topical term or geographic name as entry element AERATION PROPERTIES OF SOIL
650 ## - SUBJECT ADDED ENTRY--TOPICAL TERM
Topical term or geographic name as entry element HYDRAULIC PROPERTIES OF SOIL
650 ## - SUBJECT ADDED ENTRY--TOPICAL TERM
Topical term or geographic name as entry element SOIL ANALYSIS
650 ## - SUBJECT ADDED ENTRY--TOPICAL TERM
Topical term or geographic name as entry element STATE PROPERTIES OF SOIL
650 ## - SUBJECT ADDED ENTRY--TOPICAL TERM
Topical term or geographic name as entry element THERMAL PROPERTIES OF SOIL
942 ## - ADDED ENTRY ELEMENTS (KOHA)
Koha item type Books (General)
Holdings
Withdrawn status Lost status Damaged status Not for loan Home library Current library Date acquired Total Checkouts Full call number Barcode Date last seen Price effective from Koha item type
        College of Agriculture, Padannakkad College of Agriculture, Padannakkad 24/07/2013   631.43 JAL/ME KAU_COAP-01200 24/07/2013 24/07/2013 Books (General)
Kerala Agricultural University Central Library
Thrissur-(Dt.), Kerala Pin:- 680656, India
Ph : (+91)(487) 2372219
E-mail: librarian@kau.in
Website: http://library.kau.in/